书目信息 |
| 题名: |
森林昆虫学
|
|
| 作者: | 李成德 主编 | |
| 分册: | ||
| 出版信息: | 北京 中国林业出版社 2021.3 |
|
| 页数: | 10,481页 | |
| 开本: | 26cm | |
| 丛书名: | ||
| 单 册: | ||
| 中图分类: | S718.7 | |
| 科图分类: | ||
| 主题词: | 森林昆虫学--高等学校--教材 | |
| 电子资源: | ||
| ISBN: | 978-7-5038-3442-4 | |
| 000 | 00811nam0 2200253 45 | |
| 001 | 012001002758 | |
| 005 | 20141008113646.0 | |
| 010 | @a978-7-5038-3442-4@dCNY59.00 | |
| 096 | @aS718@blcd | |
| 100 | @a20040420d2004 em y0chiy50 ea | |
| 101 | 0 | @achi@eeng@deng |
| 102 | @aCN@b110000 | |
| 105 | @ay z 001yy | |
| 106 | @ar | |
| 200 | 1 | @a森林昆虫学@Asen lin kun chong xue@f李成德主编 |
| 210 | @a北京@c中国林业出版社@d2021.3 | |
| 215 | @a10,481页@d26cm | |
| 300 | @a全国高等农林院校教材 | |
| 330 | @a本教材分总论和各论两部分,共12章。书中介绍了我国森林害虫发生与危害概况、森林昆虫学及其研究内容和发展史等诸多内容。 | |
| 606 | 0 | @a森林昆虫学@x高等学校@j教材 |
| 690 | @aS718.7@v4 | |
| 701 | 0 | @a李成德@Ali cheng de@c(林业)@4主编 |
| 801 | 2 | @aCN@bBJSDL@c20211018 |
| 905 | @b1344801-3@dS718.7@e162@f3 | |
| 森林昆虫学/李成德主编.-北京:中国林业出版社,2021.3 |
| 10,481页;26cm |
| 全国高等农林院校教材 |
| ISBN 978-7-5038-3442-4:CNY59.00 |
| 本教材分总论和各论两部分,共12章。书中介绍了我国森林害虫发生与危害概况、森林昆虫学及其研究内容和发展史等诸多内容。 |
| ● |
| 相关链接 |
|
|
|
|
正题名:森林昆虫学
索取号:S718.7/162
 
预约/预借
| 序号 | 登录号 | 条形码 | 馆藏地/架位号 | 状态 | 备注 |
| 1 | 1344801 | 213448018 | 第二样本阅览室/ [索取号:S718.7/162] | 在馆 | |
| 2 | 1344802 | 213448027 | 第三借阅区/ [索取号:S718.7/162] | 在馆 | |
| 3 | 1344803 | 213448036 | 第三借阅区/ [索取号:S718.7/162] | 在馆 |